| 000 | 00857nam a2200229 i 4500 | ||
|---|---|---|---|
| 001 | 173401 | ||
| 003 | ES-MaACL | ||
| 005 | 20240229062732.0 | ||
| 008 | 091201m19641967sp |||| | spa d | ||
| 080 | _a946"1808/1814"(082) | ||
| 100 | 0 |
_aGarcía Prado, Justiniano. _955134 |
|
| 245 | 1 | 0 |
_aGuerra de la Independencia _b: estudios / _cpor J. García Prado, J. Godechot, M. Allué Salvador [et al.]. |
| 260 |
_aZaragoza : _bInstitución "Fernando el Católico", _c1964-67. |
||
| 300 |
_a2 v. : _bil. ; _c24 cm. |
||
| 505 | 8 | _aContiene: Estudios I y III | |
| 651 | 4 |
_aEspaña- _xHistoria- _y1808-1814, Guerra de la Independencia _98244 |
|
| 700 | 1 |
_aGodechot, Jacques ( _d1907-1989) _957508 |
|
| 700 | 0 |
_aAllue Salvador, Miguel. _920061 |
|
| 710 | 2 |
_aInstitución "Fernando el Católico" _94721 |
|
| 852 |
_aES-MaACL _jP-1042-Ter |
||
| 999 |
_c173401 _d173401 |
||